[Event "FRA-chT U20 Top"]
[Site "Bischwiller"]
[Date "2016.05.16"]
[Round "4"]
[White "Meyer, Nicolas"]
[Black "Peyssonneaux, Salome"]
[Result "1-0"]
[WhiteElo "1609"]
[BlackElo "1208"]
[PlyCount "55"]
[EventDate "2016.05.14"]
[EventType "tourn"]
[EventRounds "11"]
[EventCountry "FRA"]
[SourceTitle "EXT 2019"]
[Source "ChessBase"]
[SourceDate "2018.10.10"]
[SourceVersion "1"]
[SourceVersionDate "2018.10.10"]
[SourceQuality "1"]

1. e4 c5 2. Nf3 d6 3. c3 Nf6 4. h3 Nxe4 5. Qa4+ Nc6 6. Qxe4 g6 7. d4 Bg7 8. Bb5 Bd7 9. d5 Ne5 10. Bxd7+ Nxd7 11. 0-0 0-0 12. Re1 Re8 13. Nbd2 Nf6 14. Qd3 Qa5 15. Ne4 Nd7 16. Bf4 c4 17. Qd2 Nb6 18. Rad1 Rac8 19. Bh6 Qb5 20. Bxg7 Kxg7 21. Neg5 h6 22. Ne4 Na4 23. Re2 a5 24. Nh2 Rh8 25. Qd4+ Kh7 26. Ng4 Kg8 27. Rde1 Qe8 28. Nef6+ 1-0

[Event "FRA-chT U20 Top"]
[Site "Bischwiller"]
[Date "2016.05.14"]
[Round "1"]
[White "Bourdeaux, Gabin"]
[Black "Peyssonneaux, Salome"]
[Result "1-0"]
[WhiteElo "1723"]
[BlackElo "1208"]
[PlyCount "157"]
[EventDate "2016.05.14"]
[EventType "tourn"]
[EventRounds "11"]
[EventCountry "FRA"]
[SourceTitle "EXT 2019"]
[Source "ChessBase"]
[SourceDate "2018.10.10"]
[SourceVersion "1"]
[SourceVersionDate "2018.10.10"]
[SourceQuality "1"]

1. e4 c5 2. Nf3 d6 3. d4 cxd4 4. Nxd4 Nf6 5. Nc3 g6 6. Be3 Bg7 7. f3 0-0 8. Bc4 Nc6 9. Qd2 Re8 10. g4 Bd7 11. 0-0-0 Rc8 12. Be2 Ne5 13. h4 h5 14. gxh5 Nxh5 15. Rdg1 Nf6 16. Bh6 Qa5 17. Bxg7 Kxg7 18. Nb3 Qc7 19. h5 Rh8 20. hxg6 Nxg6 21. f4 Rxh1 22. Rxh1 d5 23. f5 Nf4 24. Rh4 Nxe2+ 25. Qxe2 Qg3 26. Rh1 dxe4 27. Nxe4 Nxe4 28. Qxe4 Qg5+ 29. Kb1 Bxf5 30. Qd4+ Qf6 31. Rg1+ Bg6 32. Qd2 Qb6 33. Rg2 Qc6 34. Rg1 Qe4 35. Rg2 Qf3 36. Rg1 e5 37. Qe1 e4 38. Nd2 Qf5 39. Qxe4 Qc5 40. Rg2 Kf8 41. Rxg6 fxg6 42. Qxg6 Qd4 43. a3 Qxd2 44. Qf5+ Ke7 45. Qxc8 Qd1+ 46. Ka2 Qd5+ 47. c4 Qe4 48. Qc5+ Kd7 49. Qb5+ Kc7 50. Qa5+ Kc8 51. Qd5 Qc2 52. Qd4 Kc7 53. Qe5+ Kd7 54. Qc5 Kd8 55. Qb5 Kc7 56. Qb3 Qe4 57. Qc3 Kc6 58. Kb3 b6 59. Qh3 a5 60. Qc8+ Kd6 61. Qb8+ Kd7 62. Qa7+ Kc8 63. Qa6+ Kc7 64. Qb5 Kb7 65. Qd5+ Qxd5 66. cxd5 Kc7 67. Kc4 Kd6 68. a4 Kc7 69. Kb5 Kb7 70. d6 Kc8 71. Kc6 Kd8 72. d7 Ke7 73. Kc7 Ke6 74. d8Q Kf5 75. Qe7 Kg4 76. Qf6 Kg3 77. Qf5 Kg2 78. Qf4 Kh1 79. Qg4 1-0

[Event "La Rosiere op"]
[Site "Bourg Saint Maurice"]
[Date "2013.08.25"]
[Round "1"]
[White "Rodriguez, Jean Pierre"]
[Black "Peyssonneaux, Salome"]
[Result "1-0"]
[WhiteElo "1679"]
[BlackElo "1250"]
[PlyCount "69"]
[EventDate "2013.08.25"]
[EventType "swiss"]
[EventRounds "7"]
[EventCountry "FRA"]
[SourceTitle "EXT 2015"]
[Source "ChessBase"]
[SourceDate "2014.11.20"]
[SourceVersion "1"]
[SourceVersionDate "2014.11.20"]
[SourceQuality "1"]

1. Nf3 d5 2. g3 Bg4 3. Bg2 Nf6 4. 0-0 Nc6 5. c3 e6 6. Qa4 Be7 7. Ne5 Qd6 8. Nxg4 Nxg4 9. Qxg4 0-0 10. d4 e5 11. dxe5 Nxe5 12. Qh3 Rfe8 13. Rd1 c6 14. b3 b5 15. Ba3 Qg6 16. Bxe7 Rxe7 17. Na3 Rb8 18. Rac1 a5 19. Nc2 a4 20. Qh4 Rbe8 21. e3 Nd7 22. bxa4 bxa4 23. Qxa4 Nc5 24. Qd4 Qd6 25. c4 Ra7 26. cxd5 Rxa2 27. dxc6 Qe7 28. Qc4 Ne6 29. Qxa2 Qf6 30. Nd4 Ng5 31. c7 Rc8 32. Bb7 Re8 33. c8Q Rxc8 34. Rxc8+ Qd8 35. Rxd8# 1-0